Virtual Taste and Smell Technologies for Multisensory Internet and Virtual Reality

Currently, Internet and virtual reality communication is essentially audio-visual. The next important breakthrough of the Internet will be the communication and sharing of smell and taste experiences digitally. Audio-visual stimuli are frequency based, and they can be easily digitized and actuated....

Πλήρης περιγραφή

Λεπτομέρειες βιβλιογραφικής εγγραφής
Κύριοι συγγραφείς: Cheok, Adrian David (Συγγραφέας, http://id.loc.gov/vocabulary/relators/aut), Karunanayaka, Kasun (http://id.loc.gov/vocabulary/relators/aut)
Συγγραφή απο Οργανισμό/Αρχή: SpringerLink (Online service)
Μορφή: Ηλεκτρονική πηγή Ηλ. βιβλίο
Γλώσσα:English
Έκδοση: Cham : Springer International Publishing : Imprint: Springer, 2018.
Έκδοση:1st ed. 2018.
Σειρά:Human-Computer Interaction Series,
Θέματα:
Διαθέσιμο Online:Full Text via HEAL-Link
LEADER 03686nam a2200541 4500
001 978-3-319-73864-2
003 DE-He213
005 20191028232137.0
007 cr nn 008mamaa
008 180629s2018 gw | s |||| 0|eng d
020 |a 9783319738642  |9 978-3-319-73864-2 
024 7 |a 10.1007/978-3-319-73864-2  |2 doi 
040 |d GrThAP 
050 4 |a QA76.9.U83 
050 4 |a QA76.9.H85 
072 7 |a UYZG  |2 bicssc 
072 7 |a COM070000  |2 bisacsh 
072 7 |a UYZG  |2 thema 
082 0 4 |a 005.437  |2 23 
082 0 4 |a 4.019  |2 23 
100 1 |a Cheok, Adrian David.  |e author.  |4 aut  |4 http://id.loc.gov/vocabulary/relators/aut 
245 1 0 |a Virtual Taste and Smell Technologies for Multisensory Internet and Virtual Reality  |h [electronic resource] /  |c by Adrian David Cheok, Kasun Karunanayaka. 
250 |a 1st ed. 2018. 
264 1 |a Cham :  |b Springer International Publishing :  |b Imprint: Springer,  |c 2018. 
300 |a XIX, 130 p. 53 illus., 48 illus. in color.  |b online resource. 
336 |a text  |b txt  |2 rdacontent 
337 |a computer  |b c  |2 rdamedia 
338 |a online resource  |b cr  |2 rdacarrier 
347 |a text file  |b PDF  |2 rda 
490 1 |a Human-Computer Interaction Series,  |x 1571-5035 
505 0 |a Introduction -- Early Research on Digitizing Taste and Smell -- Electric Taste -- Electric Smell -- Thermal Taste -- Taste and Smell Sensations Using Magnetic Stimulation -- Future and Applications of Digital Taste and Smell -- Conculsion -- Epilogue. 
520 |a Currently, Internet and virtual reality communication is essentially audio-visual. The next important breakthrough of the Internet will be the communication and sharing of smell and taste experiences digitally. Audio-visual stimuli are frequency based, and they can be easily digitized and actuated. On the other hand, taste and smell stimuli are based on chemical molecules, therefore, they are not easy to digitize or actuate. To solve this problem, we are required to discover new digital actuation technologies for taste and smell. The authors of this book have experimented on developing digital actuation devices for several years. This book will provide a complete overview of the importance of digitizing taste and smell, prior works, proposed technologies by the authors, other state of the art research, advantages and limitations of the proposed methods, and future applications. We expect digital taste and smell technologies will revolutionize the field of multisensory augmented reality and open up new interaction possibilities in different disciplines such as Human Computer Interaction, Communication, and Augmented and Virtual Reality. 
650 0 |a User interfaces (Computer systems). 
650 0 |a Application software. 
650 0 |a Electrical engineering. 
650 1 4 |a User Interfaces and Human Computer Interaction.  |0 http://scigraph.springernature.com/things/product-market-codes/I18067 
650 2 4 |a Information Systems Applications (incl. Internet).  |0 http://scigraph.springernature.com/things/product-market-codes/I18040 
650 2 4 |a Communications Engineering, Networks.  |0 http://scigraph.springernature.com/things/product-market-codes/T24035 
700 1 |a Karunanayaka, Kasun.  |e author.  |4 aut  |4 http://id.loc.gov/vocabulary/relators/aut 
710 2 |a SpringerLink (Online service) 
773 0 |t Springer eBooks 
776 0 8 |i Printed edition:  |z 9783319738635 
776 0 8 |i Printed edition:  |z 9783319738659 
776 0 8 |i Printed edition:  |z 9783030088743 
830 0 |a Human-Computer Interaction Series,  |x 1571-5035 
856 4 0 |u https://doi.org/10.1007/978-3-319-73864-2  |z Full Text via HEAL-Link 
912 |a ZDB-2-SCS 
950 |a Computer Science (Springer-11645)